00346 2200145 4500001002100000005001500021035002000036245004900056100001900105300001100124260003100135082000800166084001400174990001200188INLIS00000000000201920250527085201 a0010-05250003111 aBerpikir Cepat :bAnggaran /cRichad Templar0 aRichad Templar a94 hlm ajakarta :bErlangga,c2005 a300 a300 RIC b a0713103